Small and Medium Sized Enterprises Activities for Overcome of Crisis

Podmienky malých a stredných podnikov (MSP) a ich aktivita. Náročné a menej náročné prekážky, ktoré musia MSP prekonávať. Prehľad pozície MSP vo vybraných krajinách Európskej únie. Francúzsko, Veľká Británia, Taliansko, Írsko, Česká republika, Rumunsko a Slovensko. Stratégia bánk voči MSP. Menej byr...

Full description

Saved in:
Bibliographic Details
Main Author: Pružinský, Michal, 1952-
Other Authors: Mihalčová, Bohuslava, 1963-
Format: Book Chapter
Language:English
Subjects:
Tags: Add Tag
No Tags, Be the first to tag this record!

MARC

LEADER 00000naa$a2200000$$$4500
001 0143587
005 20240502083331.6
041 0 |a eng 
044 |a GR 
245 1 0 |a Small and Medium Sized Enterprises Activities for Overcome of Crisis  |c Michal Pružinský, Bohuslava Mihalčová 
520 |a Podmienky malých a stredných podnikov (MSP) a ich aktivita. Náročné a menej náročné prekážky, ktoré musia MSP prekonávať. Prehľad pozície MSP vo vybraných krajinách Európskej únie. Francúzsko, Veľká Británia, Taliansko, Írsko, Česká republika, Rumunsko a Slovensko. Stratégia bánk voči MSP. Menej byrokracie pre malé a stredné podniky na Slovensku. 
610 2 0 |a podnik malý 
610 2 0 |a podnik stredný 
610 2 0 |a kríza hospodárska 
610 2 0 |a Európska únia 
610 2 0 |a Slovensko 
100 1 |a Pružinský, Michal, 1952- 
700 1 |a Mihalčová, Bohuslava, 1963-